| 000 | 00772nam a2200217 a 4500 | ||
|---|---|---|---|
| 001 | 000023411 | ||
| 005 | 20200930022212.0 | ||
| 008 | 101206s1972 mx 000 0 spa d | ||
| 040 |
_aDO-SdBNP _bspa _cBNPHU |
||
| 042 | 1 | 7 |
_aspa _heng _2Código de idiomas MARC |
| 082 |
_ann* _bnn* |
||
| 100 | 1 |
_awalton, Clarence C. _948234 |
|
| 240 | 1 | 0 |
_aBusiness and social progress. _lEspañol |
| 245 | 1 | 0 |
_aLos negocios y el progreso social : _bpuntos de vista de dos generaciones de ejecutivos / _cClarence C. Walton ; traducción Alfonzo Esparza. |
| 260 |
_aMéxico, D. F. : _bDiana, _c1972. |
||
| 300 |
_a190 p. ; _c21 cm. |
||
| 500 | _aIncluye índice. | ||
| 534 |
_aTítulo original : _tBusiness and social progress |
||
| 700 | 1 |
_aEsparza, Alfonzo, _etr. _948235 |
|
| 049 | _aBNGR | ||
| 999 |
_c22908 _d22908 |
||